000 00834nas a2200301 454500
001 IICA0600457
003 BR-BrBNA
005 20260323111527.0
007 ta
008 260323b bl.|||p| |||| 00| 00por d
040 _aBR-BrBNA
_bpor
_cBiblioteca Nacional de Agricultura
041 _a(En)
072 _aQ54
100 1 _aSquibb, R.L.
100 1 _aAguirre, A.
100 1 _aBressani, R.
245 1 _aAfrican and mbocaya palm meals as substitutes for sesame oil in baby chick rations
300 _av. 8 (1) p. 24-27
650 _aDENDE
650 _aGERGILIM
650 _aVALOR NUTRITIVO
650 _aRACAO
650 _aTORTA
650 _aPINTO
773 0 _tTURRIALBA (IICA)
_X0041-4360
_g(Jan-Mar 1958), v. 8 (1) p. 24-27
_wIICA0600457
909 _a202603
_bLúcia
_c55
_dLúcia Elande
942 _2IICA
_n0
_cANA
999 _c340708
_d340708